Making money for kids : (Record no. 3787)

MARC details
000 -LEADER
fixed length control field 00827cam a22002537i 4500
005 - DATE AND TIME OF LATEST TRANSACTION
control field 20240507143917.0
020 ## - INTERNATIONAL STANDARD BOOK NUMBER
International Standard Book Number 9780545390569
040 ## - CATALOGING SOURCE
Original cataloging agency DLC
Language of cataloging eng
Description conventions rda
Transcribing agency DLC
Modifying agency DLC
050 00 - LIBRARY OF CONGRESS CALL NUMBER
Classification number 658.041
100 1# - MAIN ENTRY--PERSONAL NAME
Personal name Otfinoski, Steven
Relator term author
245 10 - TITLE STATEMENT
Title Making money for kids :
Statement of responsibility, etc. by Steven Otfinoski.
Remainder of title Simple tips for making and saving money /
250 ## - EDITION STATEMENT
Edition statement First edition , September 2011
260 ## - PUBLICATION, DISTRIBUTION, ETC.
Place of publication, distribution, etc. New York :
Name of publisher, distributor, etc. Scholastic ;
Date of publication, distribution, etc. 2011
300 ## - PHYSICAL DESCRIPTION
Extent 30 pages :
Other physical details color illustrations ;
Dimensions 20 cm .
505 ## - FORMATTED CONTENTS NOTE
Formatted contents note Z <br/>
520 ## - SUMMARY, ETC.
Summary, etc. Simple tips for making and saving money.
521 ## - TARGET AUDIENCE NOTE
Target audience note 910 <br/>
Source Lexile <br/>
521 ## - TARGET AUDIENCE NOTE
Target audience note Z <br/>
Source Raz-Plus <br/>
650 #0 - SUBJECT ADDED ENTRY--TOPICAL TERM
Topical term or geographic name entry element Finance, Personal
Form subdivision Juvenile literature.
650 #0 - SUBJECT ADDED ENTRY--TOPICAL TERM
Topical term or geographic name entry element Money
Form subdivision Juvenile literature.
906 ## - LOCAL DATA ELEMENT F, LDF (RLIN)
a 7
b cbc
c orignew
d 4
e ncip
f 20
g y-gencatlg
942 ## - ADDED ENTRY ELEMENTS (KOHA)
Source of classification or shelving scheme Dewey Decimal Classification
Koha item type Books
Suppress in OPAC No
999 ## -
-- 3787
-- 3787
Holdings
Withdrawn status Lost status Source of classification or shelving scheme Damaged status Not for loan Collection Home library Current library Shelving location Date acquired Total Checkouts Full call number Barcode Date last seen Price effective from Koha item type
    Dewey Decimal Classification     Non-Fiction Footprints International School Library Network Toul Tom Poung Campus Footprints International School Library Network Toul Tom Poung Campus TTP Secondary Non-Fiction Bookshelves 05/07/2024   OTF 658.041 FISTK04844 05/07/2024 05/07/2024 Books